000 00555nam a22001577a 4500
003 ASAB
005 20180827062836.0
008 180510t xxu||||| |||| 00| 0 eng d
040 _cASAB
100 _aMs. SHABINA ISHTIAQ AHMED-Sup-Dr. Muhammad Ashraf
_93881
245 _aTH-MS-In Vitro Antimicrobial Activity and Phutochemical Screening of Nigella sativa Linn
_cMs. SHABINA ISHTIAQ AHMED-Sup-Dr. Muhammad Ashraf
260 _aIslamabad
_bASAB (NCVI)
_c2012
300 _axxiv, 103 P
_b30 cm
630 _aVirology and Immunology
_93882
942 _2ddc
_cTH
999 _c480841
_d480841